| 000 | 02846cam a22003498i 4500 | ||
|---|---|---|---|
| 001 | 22919127 | ||
| 003 | OSt | ||
| 005 | 20250610104606.0 | ||
| 008 | 230105s2023 nyu b 001 0 eng | ||
| 010 | _a 2022058552 | ||
| 020 | _a9781307997118 | ||
| 040 |
_aDLC _beng _erda _cDLC |
||
| 042 | _apcc | ||
| 050 | 0 | 0 |
_aHD62.4 _b.H63 2023 |
| 082 | 0 | 0 |
_a658.049 _bDOH/I |
| 100 | 1 |
_aDoh, Jonathan P. _eauthor. _910536 |
|
| 245 | 1 | 0 |
_aInternational management : _bculture, strategy, and behavior / _cJonathan P. Doh, Villanova University, Fred Luthans, University of Nebraska-Lincoln, Ajai S. Gaur, Rutgers Unversity. |
| 250 | _aTwelfth Edition. | ||
| 263 | _a2303 | ||
| 264 | 1 |
_aNew York : _bMcGraw Hill LLC, _c[2023] |
|
| 300 | _a638 pages | ||
| 336 |
_atext _btxt _2rdacontent |
||
| 337 |
_aunmediated _bn _2rdamedia |
||
| 338 |
_avolume _bnc _2rdacarrier |
||
| 500 | _aRevised edition of International management, [2021] | ||
| 504 | _aIncludes bibliographical references and index. | ||
| 520 |
_a"The global business environment in recent years has been characterized by substantial and often unforeseen change. By some accounts, the degree of uncertainty and volatility in global political and economic affairs has increased as several long-term trends have come to a halt or, in some cases, reversed. Political conflicts, economic disruptions, and realignment of security arrangements have all created challenges for global business. Around the world, support for global economic integration and engagement appears to be on the decline. The vote by the United Kingdom to separate from the European Union and the withdrawal of the United States from the Trans-Pacific Partnership, a proposed trade agreement among 12 Pacific-facing nations, are two stark examples of this broad trend. Some see the United States as retreating from its long-held position as the leading advocate of trade and economic interdependence. Further, trade tensions have risen not just between the U.S. and China, two world powers jockeying for global leadership, but also between the U.S. and its key allies, such as the European Union and Canada. Concurrently, nationalist sentiments in the United States, Europe, Asia, and elsewhere have resulted in raised barriers to both legal and illegal immigration. Exacerbating these pressures, longstanding concerns about the uneven impacts of globalization on jobs, wages, and incomes have resurfaced, as have broader questions about the costs of economic globalization to both developed and developing countries and their citizens"-- _cProvided by publisher. |
||
| 650 | 0 |
_aInternational business enterprises _xManagement. |
|
| 650 | 0 |
_aInternational business enterprises _xManagement _vCase studies. |
|
| 700 | 1 |
_aLuthans, Fred, _eauthor. |
|
| 942 |
_2ddc _cBK _h658.049 _iDOH/I _k658.049 _mDOH/I |
||
| 999 |
_c44500 _d44500 |
||